Fragments inédits du Journal intime / (Record no. 23950)

MARC details
000 -LEADER
campo de control de longitud fija 00640nam a2200205 i 4500
001 - NÚMERO DE CONTROL
campo de control 23950
003 - IDENTIFICADOR DE NÚMERO DE CONTROL
campo de control ES-MaACL
005 - FECHA Y HORA DE LA ÚLTIMA TRANSACCIÓN
campo de control 20230906152949.0
007 - CAMPO FIJO DE DESCRIPCIÓN FÍSICA--INFORMACIÓN GENERAL
campo de control de longitud fija t|
008 - DATOS DE LONGITUD FIJA--INFORMACIÓN GENERAL
campo de control de longitud fija 021213s1927 fr ||||1| fre d
100 1# - ENTRADA PRINCIPAL--NOMBRE DE PERSONA
Nombre de persona Amiel, Henri Frédéric.
9 (RLIN) 21232
245 10 - MENCIÓN DEL TÍTULO
Título Fragments inédits du Journal intime /
Mención de responsabilidad, etc. Henri Frédéric Amiel ; introduction par Edmond Jaloux.
260 ## - PUBLICACIÓN, DISTRIBUCIÓN, ETC.
Lugar de publicación, distribución, etc. París :
Nombre del editor, distribuidor, etc. La Pleyade,
Fecha de publicación, distribución, etc. 1927 (
Fabricante Imprimerie du Livre)
300 ## - DESCRIPCIÓN FÍSICA
Extensión 333 p. ;
Dimensiones 21 cm.
490 1# - MENCIÓN DE SERIE
Mención de serie Ecrits intimes
700 1# - ENTRADA AGREGADA--NOMBRE PERSONAL
Nombre de persona Jaloux, Edmond.
9 (RLIN) 65955
830 0# - PUNTO DE ACCESO ADICIONAL DE SERIE-TÍTULO UNIFORME
Título uniforme Ecrits intimes
9 (RLIN) 229063
852 ## - LOCALIZACIÓN
Ubicación ES-MaACL
Número de control de estantería A-1524
Sublocalización o colección R.12082
Holdings
Estatus retirado Estado de pérdida Estado de daño No para préstamo Biblioteca de origen Biblioteca actual Ubicación en estantería Fecha de adquisición Fuente de adquisición Total de préstamos Signatura topográfica completa Código de barras Visto por última vez Precio de reemplazo Tipo de ítem Koha
        Biblioteca del Ateneo de Madrid Biblioteca del Ateneo de Madrid Sala Pecera Planta 1 17/01/2008     A-1524 1024686 23/02/2023 23/02/2023 Libro impreso